header

The man who got Carter : (Record no. 81366)

MARC details
000 -LEADER
fixed length control field 01773nam a2200397 i 4500
001 - CONTROL NUMBER
control field ebr10814476
003 - CONTROL NUMBER IDENTIFIER
control field CaPaEBR
006 - FIXED-LENGTH DATA ELEMENTS--ADDITIONAL MATERIAL CHARACTERISTICS--GENERAL INFORMATION
fixed length control field m o d
007 - PHYSICAL DESCRIPTION FIXED FIELD--GENERAL INFORMATION
fixed length control field cr cn|||||||||
008 - FIXED-LENGTH DATA ELEMENTS--GENERAL INFORMATION
fixed length control field 131208s2013 enka obq 001 0 eng d
020 ## - INTERNATIONAL STANDARD BOOK NUMBER
International Standard Book Number 9780857723093 (e-book)
Cancelled/invalid ISBN 9781780762821
040 ## - CATALOGING SOURCE
Original cataloging agency CaPaEBR
Language of cataloging eng
Description conventions rda
-- pn
Transcribing agency CaPaEBR
035 ## - SYSTEM CONTROL NUMBER
System control number (OCoLC)868921906
050 14 - LIBRARY OF CONGRESS CALL NUMBER
Classification number PN1998.3.K5952
Item number S65 2013eb
082 04 - DEWEY DECIMAL CLASSIFICATION NUMBER
Classification number 791.4302/32092
Edition number 23
100 1# - MAIN ENTRY--PERSONAL NAME
Personal name Spicer, Andrew,
Dates associated with a name 1953-
245 14 - TITLE STATEMENT
Title The man who got Carter :
Remainder of title Michael Klinger, independent production and the British film industry, 1960-1980 /
Statement of responsibility, etc Andrew Spicer and A.T. McKenna.
264 #1 - PRODUCTION, PUBLICATION, DISTRIBUTION, MANUFACTURE, AND COPYRIGHT NOTICE
Place of production, publication, distribution, manufacture London :
Name of producer, publisher, distributor, manufacturer I.B. Tauris,
Date of production, publication, distribution, manufacture, or copyright notice 2013.
300 ## - PHYSICAL DESCRIPTION
Extent 1 online resource (294 pages) :
Other physical details illustrations.
336 ## - CONTENT TYPE
Content type term text
Source rdacontent
337 ## - MEDIA TYPE
Media type term computer
Source rdamedia
338 ## - CARRIER TYPE
Carrier type term online resource
Source rdacarrier
440 #0 - SERIES STATEMENT/ADDED ENTRY--TITLE
Title International library of the moving image ;
Volume number/sequential designation 7
504 ## - BIBLIOGRAPHY, ETC. NOTE
Bibliography, etc Filmography: pages 263-266.
Bibliography, etc Includes bibliographical references (pages 249-262) and index.
588 ## - SOURCE OF DESCRIPTION NOTE
Source of description note Description based on online resource; title from PDF title page (ebrary, viewed December 30, 2013).
590 ## - LOCAL NOTE (RLIN)
Local note Electronic reproduction. Palo Alto, Calif. : ebrary, 2014. Available via World Wide Web. Access may be limited to ebrary affiliated libraries.
600 10 - SUBJECT ADDED ENTRY--PERSONAL NAME
Personal name Klinger, Michael,
Dates associated with a name 1920-1989
General subdivision Criticism and interpretation.
650 #0 - SUBJECT ADDED ENTRY--TOPICAL TERM
Topical term or geographic name as entry element Motion picture producers and directors
Geographic subdivision Great Britain
Form subdivision Biography.
Topical term or geographic name as entry element Motion pictures
Geographic subdivision Great Britain
General subdivision History
Chronological subdivision 20th century.
655 #0 - INDEX TERM--GENRE/FORM
Genre/form data or focus term Electronic books.
700 1# - ADDED ENTRY--PERSONAL NAME
Personal name McKenna, A. T.
797 2# - LOCAL ADDED ENTRY--CORPORATE NAME (RLIN)
Corporate name or jurisdiction name as entry element ebrary.
856 40 - ELECTRONIC LOCATION AND ACCESS
Uniform Resource Identifier <a href="http://site.ebrary.com/lib/rucke/Doc?id=10814476">http://site.ebrary.com/lib/rucke/Doc?id=10814476</a>
Public note An electronic book accessible through the World Wide Web; click to view

No items available.

© 2026 Rongo University
Contact us: librarian | system librarian | Rongo university